000 00320nam a22001337a 4500
008 181010b xxu||||| |||| 00| 0 eng d
020 _a9780471415633
041 _aeng
080 _a159.9
100 _a48
101 _aPSI
245 _aCurrent Controversies and Issues in Personality
_cPervin,L.A
942 _2udc
_cBK
999 _c49278
_d49278